000 00563nas a22001697a 4500
008 120704t19819999sp ||||| |||| 00| 0 spa d
022 _a02126567
245 _aAtención Primaria
_cSociedad Española de Medicina de Familia y Comunitaria
260 _aBarcelona :
_bPublicaciones Profesionales S.A.,
_c1981
300 _av. :
310 _aquincenal
546 _aTexto en español
590 _aExistencias: 1986 3(1-3); 1996 17(1-9) 18(1-10)
590 _aIndizada en: Index Medicus, Excerpta Médica
650 _aATENCION PRIMARIA
_91742
942 _2ddc
_cCR
999 _c1059
_d1059